Дело о назначении члена правления римско-католической Духовной академии А. Каминского членом Совета народного просвещения Царств...

Доступно только в Электронных читальных залах Найти на картеНа карте
RUSMARC
00004332nmc2a2200000 x 450
001684b4f69-0210-4a2b-b2a5-5488f71738d3
00520170426033746.0
100##$a20141013l18471850k l0rusy0189 ca
1010#$arus
102##$aRU
2001#$aДело о назначении члена правления римско-католической Духовной академии А. Каминского членом Совета народного просвещения Царства Польского
$j30 августа 1847 г. - 3 мая 1850 г.
251##$cДело
300##$aДело
300##$aОриг. заголовок дела: Дело об определении члена Духовной академии с гражданской стороны Каминского членом Совета народного просвещения в Царстве Польском. Здесь же и о смерти его. 30 августа 1847 г. - 3 мая 1850 г
801#0$aRU
$bРГИА
$c20141013
$gRCR
801#1$aRU
$bГлавНИВЦ
$c20141013
$2rusmarc
801#2$aRU
$bПБ им. Б.Н. Ельцина
$c20170426
$gRCR
$2rusmarc
850##$aРГИА
852##$aРГИА
$eФедеральное казенное учреждение "Российский государственный исторический архив" (РГИА)
$j221
937##$hРГИА
$d11184614
$aASBIBLIO_SCAN
462#0$10015a39e5d3-dc69-4a86-ab96-9d2e08e41784
$12001
$aДела Департамента народного просвещения по Варшавскому учебному округу
$1251
$cОпись
$1852
$j77
461#0$1001a74412a3-3cc5-4d21-8f0a-dfe2fbd9e72d
$12001
$aДепартамент народного просвещения Министерства народного просвещения (1803-1917)
$1251
$cФонд
$1852
$j733
215##$a14 л.
$d36,5х26 см
371##$aДокумент не является опубликованным и широко распространяемым
105##$ay###
1222#$ad
5171#$aДело об определении члена Духовной академии с гражданской стороны Каминского членом совета народного просвещения в Царстве Польском. Здесь же и о смерти его. 30 августа 1847 г. - 3 мая 1850 г
035##$a684b4f69-0210-4a2b-b2a5-5488f71738d3
856##$uhttp://readingroom.main.prlib.ru/item.aspx?id_node=n97681018&mode=full
Формат отображения